F1 cars by picture - Statistics

General Stats
  • This quiz has been taken 30 times
  • The average score is 6 of 12
Answer Stats
Picture Answer % Correct
Mercedes W11
83%
Ferrari F2004
65%
Mclaren MP4-4
65%
Red Bull RB19
61%
Renault R25
48%
Williams FW14b
43%
Aston Martin AMR21
39%
Brawn BGP 001
39%
Lotus 79
39%
Tyrrell P34
39%
Jordan 191
30%
Brabham bt52
17%
No matching quizzes found
Score Distribution
Percent of People with Each Score
Percentile by Number Answered
Your Score History
You have not taken this quiz